[Event "AUTO-INT-1928"]
[Site "http://www.queenalice.com/game.php?id=888528"]
[Date "2011.1.20"]
[Round "1"]
[White "saavik"]
[Black "REIUSFENIX"]
[Result "1-0"]
[WhiteElo "1640"]
[BlackElo "1535"]

1. e4 e5 2. Nc3 Qf6 3. Nd5 Qd6 4. d3 c6 5. Nc3 Nf6 6. g3 g6 7. a3 h5 8. Nf3 Na6
9. Ng5 Qd4 10. h3 Bc5 11. Be3 Qd6 12. d4 Bb6 13. Bc4 Rf8 14. dxe5 Qxe5 15. f4
Qc7 16. e5 Bxe3 17. exf6 Qb6 18. Qd6 Qxb2 19. Qe7# 1-0

[Event "AUTO-INT-1928"]
[Site "http://www.queenalice.com/game.php?id=888529"]
[Date "2011.1.20"]
[Round "1"]
[White "REIUSFENIX"]
[Black "saavik"]
[Result "1-0"]
[WhiteElo "1513"]
[BlackElo "1662"]

1. e4 e5 2. Qf3 Nf6 3. a3 Bc5 4. Bc4 d6 5. d3 Bg4 6. Qg3 Qd7 7. h3 Bh5 8. Qxg7
Rf8 9. Qxf6 Nc6 10. Qg7 Nd4 11. Bh6 Nxc2+ 12. Kf1 Nxa1 13. Qxf8# 1-0

[Event "AUTO-INT-1928"]
[Site "http://www.queenalice.com/game.php?id=888540"]
[Date "2011.1.20"]
[Round "1"]
[White "J_Ricardo"]
[Black "REIUSFENIX"]
[Result "0-1"]
[WhiteElo "1508"]
[BlackElo "1523"]

1. e4 e5 2. Nf3 a6 3. Nxe5 Qf6 4. Nf3 Bc5 5. d4 Bb6 6. b3 Ba7 7. Bb2 Ne7 8. e5
Qb6 9. Bc4 d5 10. Bd3 Bg4 11. h3 Bh5 12. Nc3 Qa5 13. a3 c6 14. b4 Qc7 15. O-O
Nd7 16. Qe2 Bxf3 17. Qxf3 Bb8 18. Ne2 f6 19. exf6 Qh2# 0-1

[Event "AUTO-INT-1928"]
[Site "http://www.queenalice.com/game.php?id=888541"]
[Date "2011.1.20"]
[Round "1"]
[White "REIUSFENIX"]
[Black "J_Ricardo"]
[Result "1-0"]
[WhiteElo "1536"]
[BlackElo "1543"]

1. e4 e5 2. Qf3 Nf6 3. a3 b6 4. Bc4 Bb7 5. d3 d6 6. Bg5 Be7 7. Nc3 Nbd7 8. Nge2
Nc5 9. O-O a6 10. b4 Ne6 11. Bh4 b5 12. Bb3 c6 13. Rfd1 Nd4 14. Qg3 Nxe2+ 15.
Nxe2 Nh5 16. Qf3 d5 17. Qf5 Bxh4 18. Qxh5 Qe7 19. g3 Bf6 20. g4 O-O 21. Ng3 g6
22. Qh6 Bg7 23. Qh3 dxe4 24. Nxe4 Bc8 25. f3 Ra7 26. Rd2 Rd7 27. Rad1 Rd4 28. c3
Rd7 29. Nc5 Rd6 30. Re2 e4 31. Nxe4 Re6 32. Bxe6 Qxe6 33. Ng5 Qxg4+ 34. Qxg4
Bxg4 35. fxg4 Bxc3 36. Ne4 Bd4+ 37. Kg2 Re8 38. Rc1 Re6 39. Rf1 Kg7 40. Rc2 Be5
41. Ng5 Rd6 42. Nxf7 Rxd3 43. Nxe5 Rxa3 44. Rf7+ Kh6 45. h4 g5 46. Rxc6# 1-0

[Event "AUTO-INT-1928"]
[Site "http://www.queenalice.com/game.php?id=888546"]
[Date "2011.1.20"]
[Round "1"]
[White "acauamusic"]
[Black "REIUSFENIX"]
[Result "0-1"]
[WhiteElo "1555"]
[BlackElo "1475"]

1. d4 d5 2. e3 Nf6 3. Nf3 h6 4. Nc3 c6 5. Be2 e6 6. O-O Bd6 7. a3 Bc7 8. b4 b5
9. a4 g5 10. Ne5 Qd6 11. axb5 Nfd7 12. Bh5 Nxe5 13. dxe5 Qxe5 14. Qd4 Qxh2# 0-1

[Event "AUTO-INT-1928"]
[Site "http://www.queenalice.com/game.php?id=888547"]
[Date "2011.1.20"]
[Round "1"]
[White "REIUSFENIX"]
[Black "acauamusic"]
[Result "1-0"]
[WhiteElo "1494"]
[BlackElo "1565"]

1. e4 Nc6 2. a3 e5 3. Bc4 d6 4. Qf3 Qe7 5. d3 Nd4 6. Qd1 Bg4 7. f3 Be6 8. c3 Nc6
9. Bb5 Qf6 10. Nd2 Qg5 11. g3 a6 12. Bxc6+ bxc6 13. Nc4 Qg6 14. Na5 d5 15. Nxc6
Bg4 16. Qa4 Bd7 17. exd5 Qd6 18. Qe4 Nf6 19. Qb4 Nxd5 20. Qxd6 Bxd6 21. Na5 O-O
22. Bd2 Rab8 23. O-O-O Rb6 24. Ne2 Bc6 25. Rhe1 Nf6 26. g4 Bxf3 27. g5 Ng4 28.
Nc4 Rc6 29. Na5 Rc5 30. b4 Rb5 31. Kb1 Nxh2 32. Rc1 h5 33. Ng1 Bg2 34. Re2 Nf3
35. Rxg2 e4 36. dxe4 Nxg1 37. Rcxg1 h4 38. Rh1 Bg3 39. Nc6 Re8 40. Nd4 Rbe5 41.
Nf5 Rxe4 42. Nxg3 hxg3 43. Rxg3 Re2 44. Rgh3 f6 45. Kc1 f5 46. g6 Rf8 47. Rh8#
1-0

[Event "AUTO-OPEN-2263"]
[Site "http://www.queenalice.com/game.php?id=899703"]
[Date "2011.2.13"]
[Round "1"]
[White "Pinehill"]
[Black "REIUSFENIX"]
[Result "0-1"]
[WhiteElo "1999"]
[BlackElo "1550"]

1. e4 e5 2. d4 d6 3. dxe5 Nc6 4. exd6 Bxd6 5. Nf3 f6 6. Bc4 Nge7 7. Nc3 a6 8.
O-O b5 9. Bd5 b4 10. Ne2 Rb8 11. c3 g5 12. Nxg5 fxg5 13. Bxg5 Qd7 14. Nf4 Ne5
15. Qh5+ N7g6 16. Nxg6 Nxg6 17. f4 Qg4 18. Qh6 Bf8 19. h3 Qe2 20. Qh5 Qxh5 21.
Bf6 Qe2 22. f5 Bc5+ 23. Kh1 Nh4 24. Bxh4 h5 25. c4 Bb7 26. e5 Rg8 27. Bxg8 Qxg2#
0-1

[Event "AUTO-OPEN-2263"]
[Site "http://www.queenalice.com/game.php?id=899704"]
[Date "2011.2.13"]
[Round "1"]
[White "REIUSFENIX"]
[Black "Pinehill"]
[Result "1-0"]
[WhiteElo "1580"]
[BlackElo "1969"]

1. e4 d5 2. f3 dxe4 3. fxe4 e5 4. Qf3 Nf6 5. h3 Nc6 6. c3 Bc5 7. Ne2 O-O 8. d3
h6 9. Nd2 b5 10. b4 Bb6 11. a4 bxa4 12. Rxa4 Bb7 13. Nc4 Nd7 14. Qg3 Qf6 15. Ba3
Rfe8 16. Nc1 Rad8 17. Be2 Qe6 18. Nb3 a6 19. Rf1 Na7 20. Bh5 Nb5 21. Rxf7 g5 22.
h4 Nf6 23. Bg6 Nxc3 24. hxg5 Nfxe4 25. Bxe4 Bxe4 26. Rf6 Qxc4 27. gxh6+ 1-0

[Event "AUTO-OPEN-2263"]
[Site "http://www.queenalice.com/game.php?id=899725"]
[Date "2011.2.13"]
[Round "1"]
[White "Samba4"]
[Black "REIUSFENIX"]
[Result "1-0"]
[WhiteElo "2058"]
[BlackElo "1610"]

1. d4 d5 2. c4 c6 3. Nc3 Nf6 4. Nf3 h6 5. e3 Bf5 6. Bd3 g6 7. O-O Qd6 8. Bxf5
gxf5 9. c5 Qc7 10. b4 Ng4 11. h3 Nf6 12. a4 Rg8 13. Nh4 e6 14. b5 Be7 15. Nf3
Nbd7 16. Bd2 b6 17. bxc6 Qxc6 18. cxb6 Nxb6 19. Ne5 Qb7 20. Rb1 a5 21. Nb5 Rg7
22. Qe2 Kf8 23. Rfc1 Rc8 24. Rxc8+ Qxc8 25. Rc1 Qb8 26. Bxa5 Nc4 27. Nxc4 dxc4
28. Qxc4 Rg8 29. Qc8+ Kg7 30. Qxb8 Rxb8 31. Bc7 Ra8 32. Ra1 Kg8 33. a5 Nd5 34.
Bd6 Bd8 35. a6 Bb6 36. a7 Kh7 37. Ra6 Kg8 38. Bb8 Kf8 39. Kf1 Ke8 40. Nd6+ Kf8
41. Ke2 Kg8 42. f3 Kg7 43. g3 Kf6 44. e4 Nc3+ 45. Kd3 fxe4+ 46. Kxc3 1-0

[Event "AUTO-OPEN-2263"]
[Site "http://www.queenalice.com/game.php?id=899726"]
[Date "2011.2.13"]
[Round "1"]
[White "REIUSFENIX"]
[Black "Samba4"]
[Result "0-1"]
[WhiteElo "1552"]
[BlackElo "2021"]

1. e4 g6 2. Qf3 Bg7 3. Bc4 e6 4. Nh3 Nc6 5. d3 Ne5 6. Qg3 Nxc4 7. dxc4 Ne7 8.
O-O O-O 9. Qh4 Nc6 10. Bg5 f6 11. Be3 Ne5 12. b3 b6 13. Nc3 Bb7 14. Rad1 Qe7 15.
Rd2 d6 16. a4 Rad8 17. a5 g5 18. Qg3 h5 19. f3 Bh6 20. f4 h4 21. Qf2 Ng4 22. Qe2
Nxe3 23. Qxe3 g4 24. Nf2 Qg7 25. axb6 axb6 26. Nb5 e5 27. Qe2 Bxf4 28. Rdd1 g3
29. hxg3 hxg3 30. Nh3 Qh7 31. Nc3 Bc8 32. Qf3 Bxh3 33. gxh3 Qxh3 34. Rd2 Bxd2
0-1

[Event "AUTO-OPEN-2263"]
[Site "http://www.queenalice.com/game.php?id=899739"]
[Date "2011.2.13"]
[Round "1"]
[White "REIUSFENIX"]
[Black "faresjo"]
[Result "0-1"]
[WhiteElo "1552"]
[BlackElo "1962"]

1. e4 c5 2. Bc4 Nc6 3. Qh5 e6 4. Nh3 Nf6 5. Qf3 Ne5 6. Qc3 Nxc4 7. Qxc4 Be7 8.
f3 O-O 9. b3 a6 10. e5 Nd5 11. Bb2 b5 12. Qg4 Bb7 13. c4 Nb4 14. Na3 Nd3+ 15.
Kf1 Nxb2 16. Nf2 bxc4 17. Rb1 c3 18. dxc3 c4 19. Rxb2 Bxa3 20. Rd2 cxb3 21. axb3
Qb6 22. Ke2 Qxb3 23. Rhd1 Bd5 24. Nh3 Qxc3 25. Nf4 Bc4+ 26. Ke1 Qxe5+ 27. Kf2
Bc5+ 28. Kg3 d5 29. Kh3 Be3 30. Re1 Qxf4 31. Qxf4 Bxf4 32. g3 Bxd2 0-1

[Event "AUTO-OPEN-2263"]
[Site "http://www.queenalice.com/game.php?id=899740"]
[Date "2011.2.13"]
[Round "1"]
[White "faresjo"]
[Black "REIUSFENIX"]
[Result "1-0"]
[WhiteElo "1981"]
[BlackElo "1538"]

1. e4 e5 2. Nf3 Qf6 3. Nc3 c6 4. Bc4 h6 5. O-O d6 6. h3 h5 7. d3 Qg6 8. Kh1 Be7
9. Be3 b5 10. Bb3 Nd7 11. Ne2 a5 12. a4 f5 13. exf5 Qxf5 14. Ng3 Qg6 15. Qd2 h4
16. Ne2 d5 17. d4 e4 18. Ne5 Qe6 19. Nf4 Qd6 20. Neg6 Rh6 21. Nxe7 Qxe7 22. Nxd5
cxd5 23. Bxh6 Nxh6 24. Bxd5 Ra7 25. Bxe4 Nf6 26. Bg6+ Kf8 27. Rae1 Qd6 28. Qe2
Qc6 29. axb5 Qd5 30. Qe8+ Nxe8 31. Rxe8# 1-0

[Event "AUTO-OPEN-2287"]
[Site "http://www.queenalice.com/game.php?id=909996"]
[Date "2011.3.8"]
[Round "1"]
[White "REIUSFENIX"]
[Black "clovis"]
[Result "0-1"]
[WhiteElo "1610"]
[BlackElo "2075"]

1. e4 e5 2. Qf3 Nc6 3. Bc4 Nf6 4. Ne2 Bc5 5. O-O O-O 6. c3 d6 7. a4 Bg4 8. Qd3
Nh5 9. Ng3 Nf4 10. Qc2 Qh4 11. b4 Bf3 12. bxc5 Qh3 0-1

[Event "AUTO-OPEN-2287"]
[Site "http://www.queenalice.com/game.php?id=909997"]
[Date "2011.3.8"]
[Round "1"]
[White "clovis"]
[Black "REIUSFENIX"]
[Result "1-0"]
[WhiteElo "2041"]
[BlackElo "1604"]

1. e4 e5 2. Bc4 a6 3. Nf3 d6 4. O-O Bg4 5. Nc3 c6 6. d4 h6 7. dxe5 dxe5 8. Bxf7+
Ke7 9. Qxd8+ Kxd8 10. Nxe5 Nf6 11. Ng6 Rh7 12. Nxf8 Rh8 13. Ng6 Rh7 14. Bf4 Nbd7
15. f3 Bh5 16. Rad1 Bxg6 17. Bxg6 Rh8 18. e5 Nd5 19. Nxd5 cxd5 20. Rxd5 Ke7 21.
Rfd1 Rhd8 22. Bf5 Nb6 23. Rd6 Nc4 24. Rd7+ Rxd7 25. Rxd7+ Ke8 26. Rxb7 Rd8 27.
b3 Na5 28. Rxg7 Nc6 29. Bxh6 Nxe5 30. Rg8+ Ke7 31. Bg5+ 1-0

[Event "AUTO-OPEN-2287"]
[Site "http://www.queenalice.com/game.php?id=909998"]
[Date "2011.3.8"]
[Round "1"]
[White "REIUSFENIX"]
[Black "Vermelho"]
[Result "1-0"]
[WhiteElo "1602"]
[BlackElo "1520"]

1. e4 e5 2. Qf3 Nf6 3. Bc4 Nc6 4. Ne2 Bc5 5. c3 O-O 6. O-O d6 7. h3 Be6 8. b3 a6
9. b4 Bxc4 10. d3 Bxb4 11. dxc4 Bc5 12. Ng3 b5 13. Nd2 bxc4 14. Nxc4 Ne7 15. Bg5
Ng6 16. Rad1 a5 17. Nh5 h6 18. Nxf6+ gxf6 19. Bxf6 Qb8 20. Qh5 Kh7 21. Bg5 Qb5
22. Qxh6+ Kg8 23. Bf6 1-0

[Event "AUTO-OPEN-2287"]
[Site "http://www.queenalice.com/game.php?id=909999"]
[Date "2011.3.8"]
[Round "1"]
[White "Vermelho"]
[Black "REIUSFENIX"]
[Result "0-1"]
[WhiteElo "1571"]
[BlackElo "1615"]

1. e4 e5 2. Nf3 d6 3. Nc3 f6 4. Bc4 Ne7 5. O-O c6 6. a4 a5 7. b3 Nd7 8. Ba3 Ng6
9. d4 b6 10. dxe5 dxe5 11. Bxf8 Rxf8 12. Nd2 Bb7 13. Qh5 Rh8 14. Rfe1 Nc5 15.
Nf3 Ke7 16. Red1 Qc8 17. Qf5 Qc7 18. g3 Rhd8 19. Rxd8 Rxd8 20. Ne2 Bc8 21. Qh5
Rh8 22. Nc3 Bd7 23. Na2 Qc8 24. c3 Bg4 25. Qxg6 hxg6 26. Be2 Nxe4 27. b4 Qf5 28.
bxa5 Bxf3 29. Bxf3 Qxf3 30. axb6 Qxf2+ 31. Kh1 Rxh2# 0-1

[Event "AUTO-OPEN-2287"]
[Site "http://www.queenalice.com/game.php?id=910000"]
[Date "2011.3.8"]
[Round "1"]
[White "REIUSFENIX"]
[Black "Pagano"]
[Result "0-1"]
[WhiteElo "1606"]
[BlackElo "2037"]

1. e4 a6 2. Qf3 b5 3. Nh3 Bb7 4. d3 c5 5. c4 Nc6 6. Be3 d6 7. a3 g6 8. Be2 Bg7
9. Ra2 bxc4 10. Ng5 Ne5 11. Qg3 cxd3 12. Bf3 h6 13. Nh3 Nxf3+ 14. Qxf3 Nf6 15.
Nd2 g5 16. g4 Qa5 17. O-O d5 18. Nb3 Qc7 19. Nxc5 dxe4 20. Qg3 Qxg3+ 21. fxg3
Bd5 22. b3 Nxg4 23. Bd2 Bd4+ 24. Kh1 e3+ 0-1

[Event "AUTO-OPEN-2287"]
[Site "http://www.queenalice.com/game.php?id=910001"]
[Date "2011.3.8"]
[Round "1"]
[White "Pagano"]
[Black "REIUSFENIX"]
[Result "1-0"]
[WhiteElo "2030"]
[BlackElo "1608"]

1. e4 e5 2. f4 g6 3. Nf3 d6 4. Bc4 Bg4 5. fxe5 dxe5 6. Bxf7+ Ke7 7. d4 Bxf3 8.
Qxf3 Nf6 9. Bg5 Kxf7 10. dxe5 Bg7 11. exf6 Bf8 12. Nc3 c6 13. O-O Qd4+ 14. Kh1
Nd7 15. Rad1 Qe5 16. Rxd7+ Ke8 17. Rfd1 Bc5 18. f7+ Kf8 19. Bh6+ Qg7 20. Bxg7+
Kxg7 21. f8=Q# 1-0

[Event "AUTO-INT-1928"]
[Site "http://www.queenalice.com/game.php?id=955172"]
[Date "2011.6.30"]
[Round "2"]
[White "Tenista"]
[Black "REIUSFENIX"]
[Result "1-0"]
[WhiteElo "1711"]
[BlackElo "1637"]

1. e4 e5 2. f4 d6 3. Nc3 a6 4. d4 g6 5. fxe5 dxe5 6. d5 Nf6 7. Bg5 Be7 8. Bxf6
Bxf6 9. h3 O-O 10. Nf3 Qd6 11. Qd2 Nd7 12. O-O-O Nc5 13. b4 Nd7 14. a3 b6 15.
Na2 a5 16. c3 Kg7 17. g4 h6 18. g5 Bxg5 19. Nxg5 hxg5 20. Qxg5 f6 21. Qg4 Nb8
22. Qg3 Rh8 23. h4 Bd7 24. Be2 Qe7 25. h5 Rh6 26. Rdg1 g5 27. Bg4 Na6 28. Bxd7
Qxd7 29. Kd2 c6 30. Qd3 Qe8 31. d6 axb4 32. cxb4 b5 33. Qe3 Rd8 34. Qa7+ Nc7 35.
Qxc7+ Kf8 36. Rf1 f5 37. Rxf5+ Kg8 38. Rxg5+ 1-0

[Event "AUTO-INT-1928"]
[Site "http://www.queenalice.com/game.php?id=955173"]
[Date "2011.6.30"]
[Round "2"]
[White "REIUSFENIX"]
[Black "Tenista"]
[Result "1-0"]
[WhiteElo "1616"]
[BlackElo "1741"]

1. e4 e5 2. Qf3 d6 3. Bc4 Nh6 4. d3 g5 5. h3 f6 6. Nc3 c6 7. h4 g4 8. Qg3 a5 9.
a4 Nd7 10. Bxh6 Bxh6 11. Qxg4 Nc5 12. Qh5+ Kd7 13. Qxh6 Kc7 14. Nge2 Kb6 15. O-O
f5 16. Rfd1 f4 17. d4 exd4 18. Rxd4 Bg4 19. Rxd6 Qc7 20. Nd5+ Ka7 21. Nxc7 Rac8
22. Nd5 cxd5 23. Bxd5 Bxe2 24. Qg7 Ba6 25. c3 h5 26. b4 Nd3 27. b5 Nc5 28. bxa6
Nxa6 29. Qxb7# 1-0